Music Quiz

Random Music or Artist Quiz

Albums - First Words Quiz Stats

 Plays Quiz Updated Aug 20, 2012

Also try: First Words
Challenge
Share
Tweet
Embed
Score 0/24 Timer 07:00
2 Plays Today
1st Word of Each Song Title on the Album Album % Correct
Black - Rock - The - Stairway - Misty - Four - Going - WhenLed Zeppelin IV
66.6%
Smells - In - Come - Breed - Lithium - Polly - Territorial - Drain - Lounge - Stay - On - SomethingNevermind
61.7%
Hells - Shoot - What - Given - Let - Back - You - Have - Shake - RockBack in Black
52%
Drive - Norwegian - You - Nowhere - Think - The - Michelle - What - Girl - I'm - In - Wait - If - RunRubber Soul
49.7%
All - You - Perfect - Hand - Right - Forgiven - You - Head - Mary - Ironic - Not - WakeJagged Little Pill
49.1%
Bridge - El - Cecilia - Keep - So - The - Baby - The - Why - Bye - SongBridge Over Troubled Water
47.3%
Speak - Breathe - On - Time - The - Money - Us - Any - Brain - EclipseDark Side of the Moon
46%
Burnout - Having - Chump - Longview - Welcome - Pulling - Basket - She - Sassafras - When - Coming - Emenius - In - FODDookie
45.9%
Welcome - It's - Nightrain - Out - Mr - Paradise - My - Think - Sweet - You're - Anything - RocketAppetite For Destruction
41%
Funeral - Candle - Bennie - Goodbye - This - Grey - Jamaica - I've - Sweet - The - Dirty - All - Your - Saturday - Roy - Social - HarmonyGoodbye Yellow Brick Road
38.2%
Wouldn't - You - That - Don't - I'm - Let's - Sloop - God - I - Here - I - Pet - CarolinePet Sounds
37.7%
Let's - Take - The - Computer - Darling - When - I - Baby - PurplePurple Rain
34.5%
1st Word of Each Song Title on the Album Album % Correct
Thunder - Tenth - Night - Backstreets - Born - She's - Meeting - JunglelandBorn To Run
31.6%
Brown - Sway - Wild- Can't - You - Bitch - I - Sister - Dead - MoonlightSticky Fingers
27.7%
Drive - Try - The - Everybody - New - Sweetness - Monty - Ignoreland - Star - Man - Nightswimming - FindAutomatic For The People
25.3%
Let - You - Livin' - Social - Wanted - Raise - Without - I'd - Never - WildSlippery When Wet
22.8%
Red - Sledgehammer - Don't - That - In - Mercy - Big - We - ThisSo
20%
Planet - The - High - Fake - Bones - Nice - Just - My - Bullet - Black - Sulk - StreetThe Bends
19%
Where - I - With - Bullet - Running - Red - In - Trip - One - Exit - MothersThe Joshua Tree
18.1%
The - Frankly - I - Never - Cemetry - Bigmouth - The - Vicar - There - SomeThe Queen is Dead
13.4%
Like - Express - Love - Till - Promise - Cherish - Dear - Oh - Keep - Spanish - ActLike A Prayer
11.9%
Hanging - One - Picture - Fade - Pretty - I - 11:59 - Will - Sunday - Heart - I'm - JustParallel Lines
7.4%
Don't - Rock - Workin' - Get - Off - Girlfriend - She's - I - It's - BurnOff The Wall
7%
Tie - You - Long - The - You - Somebody - White - Good - Drowse - TeoA Day At The Races
6.6%

You're not logged in!

Compare scores with friends on all Sporcle quizzes.
OR
Log In

You Might Also Like...

Show Comments

Extras

Top Quizzes Today


Score Distribution

Your Account Isn't Verified!

In order to create a playlist on Sporcle, you need to verify the email address you used during registration. Go to your Sporcle Settings to finish the process.

Report this User

Report this user for behavior that violates our Community Guidelines.

Details: